000 00255nam a2200097Ia 4500
001 704267
005 20250826162407.0
008 250824s9999 xx 000 0 und d
245 0 _aKAMELYALI KADIN
_cALEXANDRE DUMAS FILS
260 _bANTİK DÜNYA KLASİKLERİ
999 _c704267
_d704267